Les villes des séries américaines - Statistiques

Statistiques générales
  • Ce quiz a été pris 43 fois
  • Le résultat moyen est 7 sur 28
Statistiques - réponses
Par images Réponse % Correct
New York
85%
Springfield
63%
Albuquerque
60%
New York
60%
Honolulu
43%
New York
40%
Chicago
38%
Seattle
35%
Washington D.C.
35%
Las Vegas
30%
Palm Beach
30%
Miami
25%
San Francisco
23%
Walnut Grove
20%
Washington D.C.
20%
Pasadena
18%
Boston
15%
Scranton
15%
Lima
8%
Denver
5%
San José
5%
Colorado Springs
3%
Port Washington
3%
Princeton-Plainsboro
3%
Burbank
0%
Malibu
0%
North Charleston
0%
Phildelaphie
0%
Aucun quiz correspondant
Distribution des résultats
% des personnes avec chaque résultat
Percentile par nombre de réponses
Votre historique - résultats
Vous n’avez pas pris ce quiz